[Event "Maastricht Limburg op-C 6th"]
[Site "Maastricht"]
[Date "2012.05.27"]
[Round "4"]
[White "Swijsen, Willy"]
[Black "Dols, Jos"]
[Result "1/2-1/2"]
[WhiteElo "1567"]
[BlackElo "1571"]
[PlyCount "28"]
[EventDate "2012.05.25"]
[EventType "swiss"]
[EventRounds "7"]
[EventCountry "NED"]
[SourceTitle "EXT 2013"]
[Source "ChessBase"]
[SourceDate "2012.11.22"]
[SourceVersion "1"]
[SourceVersionDate "2012.11.22"]
[SourceQuality "1"]

1. d4 Nf6 2. Nf3 g6 3. Nc3 Bg7 4. e4 d6 5. Be3 0-0 6. Qd2 a6 7. Bh6 b5 8. h4 b4 9. Bxg7 Kxg7 10. Nd5 Nxd5 11. exd5 a5 12. h5 Rh8 13. Qf4 f6 14. Qh4 Ba6 1/2-1/2

[Event "LiSB-ch C"]
[Site "Sittard"]
[Date "2003.11.29"]
[Round "2"]
[White "Coenjaerts, Rene"]
[Black "Dols, Jos"]
[Result "1/2-1/2"]
[WhiteElo "1605"]
[BlackElo "1569"]
[PlyCount "28"]
[EventDate "2003.11.29"]
[EventType "swiss"]
[EventRounds "7"]
[EventCountry "NED"]
[SourceTitle "EXT 2009"]
[Source "ChessBase"]
[SourceDate "2008.11.26"]
[SourceVersion "1"]
[SourceVersionDate "2008.11.26"]
[SourceQuality "1"]

1. e4 c5 2. Nf3 Nc6 3. Bb5 a6 4. Bxc6 bxc6 5. c4 e6 6. 0-0 g6 7. d3 Bg7 8. Qc2 Ne7 9. Be3 d6 10. Nc3 0-0 11. Rac1 e5 12. h3 f6 13. b3 Be6 14. Qd2 Bd7 1/2-1/2

[Event "LiSB-ch C"]
[Site "Stein"]
[Date "2000.11.26"]
[Round "3"]
[White "Dols, Jos"]
[Black "Van Rens, Martin"]
[Result "0-1"]
[WhiteElo "1562"]
[BlackElo "1420"]
[PlyCount "50"]
[EventDate "2000.11.25"]
[EventType "swiss"]
[EventRounds "7"]
[EventCountry "NED"]
[SourceTitle "EXT 2013"]
[Source "ChessBase"]
[SourceDate "2012.11.22"]
[SourceVersion "1"]
[SourceVersionDate "2012.11.22"]
[SourceQuality "1"]

1. d4 f5 2. Nf3 g6 3. c4 Bg7 4. Nc3 Nf6 5. Bf4 d6 6. Qc2 c6 7. a3 0-0 8. Bg5 Qe8 9. Bxf6 Bxf6 10. e3 Na6 11. Bd3 Nc7 12. 0-0 e5 13. dxe5 dxe5 14. e4 f4 15. b4 g5 16. h3 h5 17. b5 g4 18. hxg4 hxg4 19. Nh2 Qh5 20. g3 f3 21. c5 Rf7 22. Bc4 Be6 23. Bxe6 Nxe6 24. Qb3 Qh3 25. Qxe6 Qg2# 0-1

[Event "LiSB-ch C"]
[Site "Stein"]
[Date "2000.11.26"]
[Round "4"]
[White "Schoffelen, Jan"]
[Black "Dols, Jos"]
[Result "0-1"]
[WhiteElo "1285"]
[BlackElo "1562"]
[PlyCount "60"]
[EventDate "2000.11.25"]
[EventType "swiss"]
[EventRounds "7"]
[EventCountry "NED"]
[SourceTitle "EXT 2013"]
[Source "ChessBase"]
[SourceDate "2012.11.22"]
[SourceVersion "1"]
[SourceVersionDate "2012.11.22"]
[SourceQuality "1"]

1. d4 Nf6 2. c4 g6 3. Nc3 Bg7 4. e4 0-0 5. Be2 d6 6. Be3 Nbd7 7. Qd2 c6 8. Nf3 Ng4 9. 0-0 Nxe3 10. fxe3 a6 11. b4 c5 12. bxc5 dxc5 13. e5 b6 14. Ng5 Nxe5 15. Rfd1 cxd4 16. exd4 Nc6 17. Bf3 Bb7 18. Bxc6 Bxc6 19. Qf4 Bh6 20. h4 f6 21. Ne6 Bxf4 22. Nxd8 Raxd8 23. d5 Bd7 24. Re1 Bd2 25. Rxe7 Bxc3 26. Rb1 Rf7 27. Rxf7 Kxf7 28. Kf1 Bd4 29. Rd1 Bc5 30. Re1 Re8 0-1